REVISTA DE EDUCACION (JALAPA, VERACRUZ, MEX) (Record no. 61130)
[ view plain ]
| 000 -CABECERA | |
|---|---|
| campo de control de longitud fija | 00410nam a2200145 a 4500 |
| 005 - FECHA Y HORA DE LA ÚLTIMA TRANSACCIÓN | |
| campo de control | 20210219152810.0 |
| 008 - ELEMENTOS DE LONGITUD FIJA--INFORMACIÓN GENERAL | |
| campo de control de longitud fija | 991125n jal 000 0 spa u |
| 035 ## - NÚMERO DE CONTROL DEL SISTEMA | |
| Número de control de sistema | UPN01000061588 |
| 049 ## - COLECCIÓN | |
| Colección | Acervo histórico |
| 245 00 - MENCIÓN DE TÍTULO | |
| Título | REVISTA DE EDUCACION (JALAPA, VERACRUZ, MEX) |
| 260 ## - PUBLICACIÓN, DISTRIBUCIÓN, ETC. | |
| Lugar de publicación, distribución, etc. | Jalapa, Veracruz, México |
| Nombre del editor, distribuidor, etc. | Escuela Normal Veracruzana |
| 310 ## - FRECUENCIA ACTUAL DE LA PUBLICACION | |
| Periodicidad actual | Bimestral |
| 362 0# - FECHAS DE PUBLICACIÓN Y/O DESIGNACIÓN SECUENCIAL | |
| Fecha de publicación y/o designación secuencial | 1929 1 (3) |
| 905 ## - TIPO DE MATERIAL | |
| Tipo de material | Revista |
No items available.
